| 000 | 00646nam a2200205 a 4500 | ||
|---|---|---|---|
| 001 | 000019935 | ||
| 005 | 20200929170209.0 | ||
| 008 | 100709s1972 sp r 000 p spa d | ||
| 040 |
_aDO-SdBNP _bspa _cBNPHU |
||
| 082 |
_a861.44 _bA284i |
||
| 100 | 1 |
_aAguirre, Francisca, _d1930- _942512 |
|
| 245 | 1 | 0 |
_aItaca / _cFrancisca Aguirre. |
| 260 |
_aMadrid : _bEdiciones Cultura Hispánica, _c1972. |
||
| 300 |
_a83 p. ; _c20 cm. |
||
| 490 | 1 |
_aColección poética Leopoldo Panero ; _vno.19 |
|
| 650 | 4 |
_aPoesía española _9631 |
|
| 650 | 4 |
_aLiteratura española _9632 |
|
| 830 | 0 |
_aColección poética Leopoldo Panero ; _nno.19 _942513 |
|
| 049 | _aBNGR | ||
| 999 |
_c19448 _d19448 |
||